|
|
|
|
| LEADER |
00758nam a2200205Ia 4500 |
| 001 |
CTU_124533 |
| 008 |
210402s9999 xx 000 0 und d |
| 020 |
|
|
|c 76.65
|
| 082 |
|
|
|a 330.959
|
| 082 |
|
|
|b V713
|
| 245 |
|
0 |
|a Village- level modernization in Southeast Asia :
|
| 245 |
|
4 |
|b The political economy of rice and water
|
| 245 |
|
0 |
|c Edited by Geoffrey B. Hainsworth
|
| 260 |
|
|
|a Vancouver
|
| 260 |
|
|
|b University of British Columbia Press
|
| 260 |
|
|
|c 1982
|
| 650 |
|
|
|a Rural development,Villages,Agriculture,Southeast Asia
|
| 650 |
|
|
|x Southeast Asia,Congresses.,Southeast Asia,Congresses,Economic aspects,Southeast Asia,Congresses,Economic conditions,Congresses
|
| 904 |
|
|
|i M.Loan
|
| 980 |
|
|
|a Trung tâm Học liệu Trường Đại học Cần Thơ
|